[Event "Moscow-ch sf"]
[Site "Moscow"]
[Date "2010.03.06"]
[Round "1"]
[White "Moskalenko, Alexander"]
[Black "Smotriakov, Arkady"]
[Result "1-0"]
[WhiteElo "2415"]
[BlackElo "2061"]
[PlyCount "73"]
[EventDate "2010.03.06"]
[EventType "swiss"]
[EventRounds "9"]
[EventCountry "RUS"]
[SourceTitle "CBM 135 Extra"]
[Source "ChessBase"]
[SourceDate "2010.05.04"]
[SourceVersion "1"]
[SourceVersionDate "2010.05.04"]
[SourceQuality "1"]

1. c4 Nf6 2. Nf3 b6 3. g3 Bb7 4. Bg2 c5 5. Nc3 e6 6. 0-0 Be7 7. Re1 0-0 8. e4 d6 9. d4 cxd4 10. Nxd4 Ne8 11. f4 Qc7 12. b3 a6 13. Be3 Nd7 14. Rc1 Rc8 15. Bf2 Qb8 16. g4 Nc7 17. g5 Rfe8 18. Qg4 Bf8 19. Re3 g6 20. h4 e5 21. Nde2 Ne6 22. f5 gxf5 23. exf5 Nc7 24. Ne4 Bxe4 25. Bxe4 d5 26. cxd5 Nc5 27. Rxc5 Bxc5 28. f6 Ne6 29. dxe6 Rxe6 30. Qf5 Kf8 31. Qxh7 Ke8 32. Qg8+ Bf8 33. Bf5 Qd6 34. Rd3 Qc6 35. Rc3 Qd7 36. Rxc8+ Qxc8 37. g6 1-0

[Event "Moscow op-B"]
[Site "Moscow"]
[Date "2009.02.03"]
[Round "4"]
[White "Gankin, Stanislav"]
[Black "Smotriakov, Arkady"]
[Result "1-0"]
[WhiteElo "2275"]
[BlackElo "2101"]
[PlyCount "71"]
[EventDate "2009.01.31"]
[EventType "swiss"]
[EventRounds "9"]
[EventCountry "RUS"]
[SourceTitle "EXT 2012"]
[Source "ChessBase"]
[SourceDate "2011.11.24"]
[SourceVersion "1"]
[SourceVersionDate "2011.11.24"]
[SourceQuality "1"]

1. e4 c5 2. c3 Nf6 3. e5 Nd5 4. d4 cxd4 5. Qxd4 e6 6. Nf3 Nc6 7. Qe4 f5 8. Qe2 Be7 9. c4 Nc7 10. b3 0-0 11. Bb2 a5 12. g3 Na6 13. Bg2 Nc5 14. 0-0 a4 15. Nbd2 Qb6 16. Bc3 a3 17. Nd4 Nb4 18. Nb5 Ncd3 19. Nf3 Bc5 20. Nfd4 f4 21. Be4 Nxe5 22. Qh5 Ng6 23. Nf3 Rf5 24. Ng5 Rxg5 25. Qxg5 Be7 26. Qh5 e5 27. Bxg6 hxg6 28. Qxe5 Bf6 29. Qe8+ Kh7 30. Bxb4 d5 31. Rad1 dxc4 32. bxc4 Bh3 33. Qe4 fxg3 34. hxg3 Bf5 35. Qh1+ Kg8 36. Rd6 1-0

[Event "Moscow op-B"]
[Site "Moscow"]
[Date "2009.02.01"]
[Round "2"]
[White "Kuleshov, Viktor"]
[Black "Smotriakov, Arkady"]
[Result "0-1"]
[WhiteElo "1891"]
[BlackElo "2101"]
[PlyCount "81"]
[EventDate "2009.01.31"]
[EventType "swiss"]
[EventRounds "9"]
[EventCountry "RUS"]
[SourceTitle "EXT 2012"]
[Source "ChessBase"]
[SourceDate "2011.11.24"]
[SourceVersion "1"]
[SourceVersionDate "2011.11.24"]
[SourceQuality "1"]

1. e4 c5 2. Nf3 d6 3. d4 cxd4 4. Nxd4 Nf6 5. Nc3 Nc6 6. Bg5 e6 7. Qd2 a6 8. 0-0-0 Bd7 9. f3 h6 10. Be3 b5 11. Bd3 Qc7 12. g4 b4 13. Nce2 d5 14. Nxc6 Bxc6 15. e5 Nd7 16. f4 Nc5 17. Nd4 Nxd3+ 18. Qxd3 Bd7 19. h4 Bc5 20. Kb1 Qb6 21. f5 0-0-0 22. Rhf1 Rdf8 23. Rf3 Kb8 24. Rdf1 Rc8 25. Qd2 Bxd4 26. Bxd4 Qb7 27. Rb3 a5 28. Rbf3 Rc7 29. a3 Rhc8 30. Rc1 Rc4 31. axb4 axb4 32. b3 R4c7 33. f6 g5 34. hxg5 hxg5 35. Rh3 Qb5 36. Rh7 Bc6 37. Kb2 Be8 38. Rh5 Kb7 39. c3 Ra8 40. Ra1 Rxa1 41. Kxa1 0-1

[Event "Kemerovo-ch Seniors"]
[Site "Kemerovo"]
[Date "2008.05.14"]
[Round "2"]
[White "Smotriakov, Arkady"]
[Black "Zenkov, Gennadiy"]
[Result "1/2-1/2"]
[WhiteElo "2127"]
[BlackElo "2094"]
[PlyCount "42"]
[EventDate "2008.05.13"]
[EventType "tourn"]
[EventRounds "11"]
[EventCountry "RUS"]
[SourceTitle "EXT 2022"]
[Source "ChessBase"]
[SourceDate "2021.10.06"]
[SourceVersion "1"]
[SourceVersionDate "2021.10.06"]
[SourceQuality "1"]

1. Nf3 g6 2. c4 Bg7 3. d4 d6 4. Nc3 e5 5. dxe5 dxe5 6. Qxd8+ Kxd8 7. Bg5+ f6 8. 0-0-0+ Nd7 9. Bd2 Nh6 10. Rg1 Nf7 11. g4 c6 12. Ne4 Kc7 13. e3 Bf8 14. Bc3 Be7 15. Be2 Re8 16. h4 Nc5 17. Nxc5 Bxc5 18. Nd2 Be6 19. Ne4 Be7 20. f4 exf4 21. exf4 f5 1/2-1/2

[Event "Kemerovo op"]
[Site "Kemerovo"]
[Date "2007.07.27"]
[Round "7"]
[White "Ushacov, Vladimir"]
[Black "Smotriakov, Arkady"]
[Result "0-1"]
[WhiteElo "2151"]
[BlackElo "2145"]
[PlyCount "80"]
[EventDate "2007.07.23"]
[EventType "swiss"]
[EventRounds "9"]
[EventCountry "RUS"]
[SourceTitle "EXT 2022"]
[Source "ChessBase"]
[SourceDate "2021.10.06"]
[SourceVersion "1"]
[SourceVersionDate "2021.10.06"]
[SourceQuality "1"]

1. Nf3 c5 2. g3 b6 3. Bg2 Bb7 4. 0-0 Nf6 5. b3 e6 6. Bb2 Be7 7. c4 0-0 8. e3 Qc8 9. d4 d5 10. cxd5 Nxd5 11. e4 Nf6 12. e5 Nd5 13. dxc5 Bxc5 14. a3 Rd8 15. Nbd2 a5 16. Qb1 Nd7 17. Ng5 Nf8 18. Nge4 Qd7 19. Nxc5 bxc5 20. Ne4 Qb5 21. Qc2 Ba6 22. Rfc1 Nd7 23. Rab1 Qd3 24. Nxc5 Qxc2 25. Rxc2 Nxc5 26. Rxc5 Bd3 27. Rd1 Bf5 28. Bxd5 exd5 29. Rcxd5 Rxd5 30. Rxd5 Be6 31. Rb5 h5 32. Bc3 a4 33. bxa4 Rc8 34. Bb4 Rc1+ 35. Kg2 Bc4 36. Rc5 g5 37. Kf3 Rc2 38. h3 Kg7 39. a5 Be2+ 40. Ke3 Rb2 0-1